Este rei que eu escolhi (Registo nº 3667)

Detalhes MARC
000 -Etiqueta do registo
Cabeçalho 00771nam0a2200277 4500
005 - Identificador da versão
Campo de controlo 20240813122039.0
095 ## -
-- PTBN00035983
021 ## - Número do Depósito Legal
Código do país PT
Número 5545/84
100 ## - Dados gerais de processamento
Dados gerais de processamento 20190625d1986 cd y0pory5003 ba
102 ## - Pais de publicação ou produção
País de publicação Portugal
101 0# - Língua de publicação
Língua do texto, banda sonora, etc. Português
215 ## - Descrição física 
Indicação específica da natureza do documento e extensão da espécie 174 p.
Outras indicações físicas il
200 1# - Titulo e menção de responsabilidade
Título próprio Este rei que eu escolhi
Primeira menção de responsabilidade Alice Vieira
Outras menções de responsabilidade il. Teresa Dias Coelho
205 ## - Menção da edição
Menção da edição 5ª ed
210 ## - Publicação, Distribuição, etc. 
Lugar da edição, distribuição, etc. Lisboa
Nome do editor, distribuidor, etc. Caminho
Data da publicação, distribuição, etc. D. L. 1984
Data da impressão imp.1986
300 ## - Notas gerais 
Texto da nota PNL
606 ## - Nome comum usado como assunto
Número de registo de entrada de autoridade 0001335
Palavra de ordem Literatura portuguesa
Subdivisão de assunto Conto
Código do sistema CA
675 ## - Classificação Decimal Universal (CDU)
Notação 821.134.3-34
Edição 3ª ed.
Língua da edição por
702 #1 - Nome de autor-pessoa física (responsabilidade secundária)
Número de registo de entrada de autoridade 0000019
Palavra de ordem Coelho
Outra parte do nome não tomada para palavra de ordem Teresa Dias
Datas 1953-
Código de função Ilustrador / Técnico de desenho computorizado
700 #1 - Nome de autor-pessoa física (responsabilidade principal)
Número de registo de entrada de autoridade 0000018
Palavra de ordem Vieira
Outra parte do nome não tomada para palavra de ordem Alice
Datas 1943-
966 ## - Identificação da Biblioteca
Sigla EBVEN
942 ## - Elementos de entrada adicionados (Koha)
Tipo de item no Koha Livro
Exemplares
Situação do levantamento Origin of item (home branch) (coded) Biblioteca de empréstimo Código de barras Cota Circulation type (not for loan) Tipo de documento Nota do exemplar Damaged status
  Biblioteca Escolar das Vendas Biblioteca Escolar das Vendas BEV541 8 POR VIE PNL   Livro Sem mensagem  
  Biblioteca Escolar das Vendas Biblioteca Escolar das Vendas BEV542 8 POR VIE PNL   Livro Sem mensagem